| 000 | 00000nam##2200000za#4500 |
| 001 | 9.573734 |
| 003 | CaOODSP |
| 005 | 20211126112845 |
| 007 | cr ||||||||||| |
| 008 | 150406|1998||||xxc|||||o f|0| 0 eng|d |
| 022 | |a1914-0568 |
| 040 | |aCaOODSP|beng |
| 043 | |an-cn--- |
| 086 | 1 |aFB3-4/1998-2E-PDF |
| 110 | 2 |aBank of Canada. |
| 245 | 10|aProposed revisions to the rules pertaining to auctions of Government of Canada securities and the Bank of Canada's surveillance of the auction process |h[electronic resource] |
| 260 | |bBank of Canada |
| 300 | |a37p.|btables |
| 490 | 1 |aBank of Canada discussion paper |x1914-0568|vNo. 2, 8 April 1998 |
| 590 | |a12-17-Supp|b2012-04-20 |
| 775 | 08|tProjet de modification des règles régissant les adjudications de titres du gouvernement canadien et la surveillance de celles-ci par la Banque du Canada |w(CaOODSP)9.603835 |
| 830 | #0|aBank of Canada discussion paper,|x1914-0568|vNo. 2, 8 April 1998|w(CaOODSP)9.504448 |
| 856 | 40|ahttp://publications.gc.ca|qPDF|s86 KB|uhttps://publications.gc.ca/collections/Collection/FB3-3-2E.pdf|yNo. 2, 8 April 1998 |